000 00455nam a2200181Ia 4500
001 11849
005 20260306162858.0
008 260306t2023||||xx |||||||||||||| ||spa||
041 _aESP
082 _aHR 200
_bN° 17 2023 RAAA
110 _aArchivo Arzobispal de Arequipa
245 0 _aRevista Archivo Arzobispal de Arequipa
260 _c2023
300 _a335 páginas :
_c21 cm.
650 _aGEN
654 _aCHU
942 _cREV
_dJUS
_fJUS
_2ddc
_n
999 _c11849
_d11849